[Event "Villamaria op 2nd"]
[Site "Villamaria"]
[Date "2016.07.03"]
[Round "4"]
[White "Gomez, Manuela"]
[Black "Castaneda Lopez, Juan Felipe"]
[Result "1-0"]
[WhiteElo "1636"]
[BlackElo "1444"]
[PlyCount "37"]
[EventDate "2016.07.02"]
[EventType "swiss"]
[EventRounds "7"]
[EventCountry "COL"]
[SourceTitle "CBM 173 Extra"]
[Source "ChessBase"]
[SourceDate "2016.08.29"]
[SourceVersion "1"]
[SourceVersionDate "2016.08.29"]
[SourceQuality "1"]

1. e4 d5 2. exd5 Qxd5 3. Nc3 Qa5 4. Nf3 Nf6 5. Bc4 Bf5 6. 0-0 e6 7. d4 Bd6 8. Re1 0-0 9. Bg5 Nbd7 10. Qd2 h6 11. Be3 c6 12. Nh4 Bb4 13. Nxf5 exf5 14. Bxh6 gxh6 15. Qxh6 Bxc3 16. Re3 Bxd4 17. Qg6+ Kh8 18. Rh3+ Nh5 19. Rxh5# 1-0

[Event "COL-ch U16 m sf3"]
[Site "Pereira"]
[Date "2016.05.28"]
[Round "2.15"]
[White "Herrera Cortes, Luis Felipe"]
[Black "Castaneda Lopez, Juan Felipe"]
[Result "0-1"]
[WhiteElo "1421"]
[BlackElo "1500"]
[PlyCount "112"]
[EventDate "2016.05.27"]
[EventType "swiss"]
[EventRounds "6"]
[EventCountry "COL"]
[SourceTitle "EXT 2024"]
[Source "ChessBase"]
[SourceDate "2023.10.10"]
[SourceVersion "1"]
[SourceVersionDate "2023.10.10"]
[SourceQuality "1"]

1. e4 d5 2. exd5 Qxd5 3. Nc3 Qa5 4. Bc4 Nf6 5. d3 Bf5 6. Bd2 c6 7. Qf3 Bg6 8. Ne4 Qc7 9. Nxf6+ exf6 10. 0-0-0 Be7 11. Nh3 0-0 12. Nf4 Nd7 13. Nxg6 hxg6 14. h4 Ne5 15. Qg3 Bd6 16. Bf4 Nxd3+ 17. Kb1 Bxf4 18. Qxd3 b5 19. Bb3 c5 20. Bd5 Rad8 21. h5 Qe5 22. h6 Bxh6 23. Qxg6 Rxd5 24. Qg4 Rfd8 25. Rxd5 Qxd5 26. a3 Qg5 27. Qh3 Rd2 28. f3 Rxg2 29. f4 Rg1+ 30. Rxg1 Qxg1+ 31. Ka2 Qd4 32. Qc8+ Kh7 33. Qf8 Qd5+ 34. b3 c4 35. Qe7 cxb3+ 36. cxb3 a5 37. Qe2 Bxf4 38. Qe1 Qd2+ 39. Qxd2 Bxd2 40. Kb2 g5 41. Kc2 b4 42. Kxd2 bxa3 43. Kc2 a2 44. Kb2 g4 45. Kxa2 g3 46. Ka3 g2 47. Ka4 g1Q 48. Kxa5 Qc5+ 49. Ka4 f5 50. b4 Qb6 51. b5 f4 52. Kb4 f3 53. Kc4 f2 54. Kb4 f1Q 55. Ka4 Qfxb5+ 56. Ka3 Qb3# 0-1